Héroes y mártires en la Iglesia latinoamericana / José Martins, Teolide M. Trevisan, Carolee Chanona

Shranjeno v:
Bibliografske podrobnosti
Glavni avtor: Marins, José (autor)
Drugi avtorji: I.Trevisan, Teolide M., coaut. \ II.Chanona, Carolee, coaut. (autor) (autor)
Format: Knjiga
Serija:Serie Pastoral ; v. 8
Teme:
Oznake: Označite
Brez oznak, prvi označite!

MARC

LEADER 00000nam^a2200000^u^4500
001 000547688
005 20250521000000.0
008 060220s1000^^^^^^^^^^^^r^^^^^000^0^spa^d
009 20260310131436.242
035 |a FMI 000017403 
037 |a Acervo Xavier Clavigero 
096 |a 5.6.1/4/A 
100 |a Marins, José  |e (autor) 
245 1 0 |a Héroes y mártires en la Iglesia latinoamericana / José Martins, Teolide M. Trevisan, Carolee Chanona 
264 |a México : Centro de Reflexión Teológica 
300 |a 298 p. 
336 |a texto  |b txt  |2 rdacontenido 
337 |a sin mediación  |b n  |2 rdamedio 
338 |a volumen  |b nc  |2 rdasoporte 
440 0 |a Serie Pastoral ; v. 8 
597 |a "Memoria peligrosa" 
649 |a XX 
650 |a Teología de la Liberación 
700 |a I.Trevisan, Teolide M., coaut. \ II.Chanona, Carolee, coaut.  |e (autor) 
910 |a Fondo Francisco Migoya Covarrubias S.J. 
920 |a Impresos - Libros 
930 |a Fondos Especiales 
905 |a 134 
901 |a SBC26078  |b IT2  |c ESP  |u 20250521 
902 |a https://opac.biblio.iteso.mx/vufind/Record/000547688